000 01611nam0a2200373 4500
001 RU\NLR\bibl\510890
005 20250609142614.0
010 _a5-93204-120-Х
_9150
021 _aRU
_b2004-11295
_9583
035 _a(NLR Aleph) 000503390
090 _a1187651
_c1187651
100 _a20040413d2003 |||y0rusy50 ca
101 0 _arus
102 _aRU
105 _aa |||||||||
200 1 _aИндивидуальные различия в системе спортивной деятельности
_fВ.А. Сальников
_gМ-во образования Рос. Федерации, Сиб. гос. автомоб.-дор. акад. (СибАДИ)
210 _aОмск
_cСибАДИ
_d2003
215 _a261 с.
_cил.
_d21
300 _aНа обороте тит. л. авт.: д.п.н., проф. В.А. Сальников
320 _aБиблиогр.: с. 248-259 (259 назв.)
606 0 _aСпортивная тренировка
_xПсихологические основы
_91666250
_3RU\NLR\auth\661037422
606 0 _aСпортсмены
_xПсихология
_92099258
_3RU\NLR\auth\661269816
606 1 _aСпортсмены
_xПсихологические исследования
_91665663
_3RU\NLR\AUTH\661037090
686 _aЧ511.516
686 _aЮ943-7
700 1 _aСальников
_bВ. А.
_gВиктор Александрович
_4070
801 0 _aRU
_bNLR
_c20040413
_gPSBO
801 1 _aRU
_bNLR
_c20040413
830 _aАвт. по кн.
942 _cBOOK
980 _aNB
980 _aNBR